Statistics for Countries Most Similar To Saudi Arabia

Click here to take the quiz!

General Stats

  • This quiz has been taken 81 times
  • The average score is 17 of 20

Answer Stats

RankCountryScore% Correct
1Oman81.1
98%
5Qatar76.2
98%
8Iraq73.8
97%
4United Arab Emirates77.5
97%
14Yemen68.1
97%
9Egypt73.1
94%
10Syria71.9
94%
16Iran66.6
92%
2Kuwait78.9
89%
7Bahrain74.0
88%
3Jordan77.9
88%
11Algeria70.0
85%
13Morocco68.6
85%
6Libya75.9
83%
17Lebanon66.3
80%
19Sudan63.5
78%
15Tunisia67.9
78%
20Pakistan60.8
71%
12Palestine69.6
69%
18Mauritania65.1
54%

Score Distribution

Percentile by Number Answered

Percent of People with Each Score

Your Score History

You have not taken this quiz